000 00557nam a2200229Ia 4500
003 OSt
005 20220924143306.0
006 a|||||r|||| 00| 0
007 ta
008 220923b |||||||| |||| 00| 0 urd d
024 _a307613
037 _cTextual
040 _aARTS
_cARTS
_burd
041 _2urd
_aurd
082 _aL1:2, 168M7
100 _aKhan Alauddin
_9209772
245 0 _aTashreehul bayan
260 _c1987
650 _aMEDICINE
_94387
942 _hL1:2, 168M7
_cTEXL
_2CC
999 _c453942
_d453942